[Event "26th Rubinstein Memorial"]
[Site "Polanica Zdroj POL"]
[Date "1988.08.??"]
[Round "8"]
[White "Borges Matos, Juan"]
[Black "Drasko, Milan"]
[WhiteElo "2439"]
[BlackElo "2510"]
[Result "1/2-1/2"]
[EventDate "1988.08.04"]
[PlyCount "78"]
1. d4 Nf6 2. c4 e6 3. Nf3 Bb4+ 4. Bd2 Qe7 5. Nc3 b6 6. Qc2 Bb7 7. e3 O-O 8. Bd3 d6 9. e4 e5 10. O-O Bxc3 11. Bxc3 Nbd7 12. d5 Nh5 13. b4 Nf4 14. g3 Nxd3 15. Qxd3 g6 16. Rfe1 a5 17. a3 axb4 18. axb4 Rxa1 19. Rxa1 Ra8 20. Rxa8+ Bxa8 21. Qc2 Qe8 22. Qa2 Bb7 23. Nd2 Qa8 24. Qc2 c6 25. dxc6 Bxc6 26. Qd3 Qb8 27. b5 Nc5 28. Qe3 Bd7 29. Bb4 Bh3 30. f4 f6 31. fxe5 fxe5 32. Bxc5 dxc5 33. Qd3 Kg7 34. Qd5 Kf6 35. Qc6+ Be6 36. Nf1 Qd8 37. Ne3 Qd2 38. Nd5+ Kg5 39. h4+ Kh6 1/2-1/2

[Event "26th Rubinstein Memorial"]
[Site "Polanica Zdroj POL"]
[Date "1988.08.??"]
[Round "8"]
[White "Levitt, Jonathan"]
[Black "Teske, Henrik"]
[WhiteElo "2485"]
[BlackElo "2405"]
[Result "1-0"]
[EventDate "1988.08.04"]
[PlyCount "37"]
1. d4 Nf6 2. c4 a6 3. Nc3 c5 4. d5 b5 5. e4 b4 6. Na4 Nxe4 7. Bd3 Nf6 8. Nxc5 g6 9. Be3 Bg7 10. Na4 d6 11. Nb6 Ng4 12. Nxa8 Nxe3 13. fxe3 Bxb2 14. Rb1 Bc3+ 15. Kf2 O-O 16. Qc2 a5 17. Nb6 Ba6 18. Na4 Bg7 19. Nf3 1-0

[Event "26th Rubinstein Memorial"]
[Site "Polanica Zdroj POL"]
[Date "1988.08.??"]
[Round "9"]
[White "Chernin, Alexander"]
[Black "Levitt, Jonathan"]
[WhiteElo "2565"]
[BlackElo "2485"]
[Result "1/2-1/2"]
[EventDate "1988.08.04"]
[PlyCount "72"]
1. d4 Nf6 2. c4 e6 3. Nf3 b6 4. a3 Bb7 5. Nc3 d5 6. cxd5 Nxd5 7. Qc2 Nxc3 8. bxc3 Nd7 9. e4 c5 10. Bf4 cxd4 11. cxd4 Rc8 12. Qb3 Be7 13. Bd3 Nf6 14. Qb5+ Qd7 15. Ne5 Qxb5 16. Bxb5+ Kf8 17. f3 Ne8 18. Nd7+ Kg8 19. O-O g5 20. Bg3 Kg7 21. a4 Nd6 22. Be5+ f6 23. Bxd6 Bxd6 24. a5 a6 25. axb6 axb5 26. Ra7 Rb8 27. Rc1 b4 28. Rc7 Kg6 29. Nc5 Bxc5 30. dxc5 b3 31. Ra3 Rhc8 32. Rxb3 e5 33. g4 Bc6 34. Rxc8 Rxc8 35. b7 Bxb7 36. Rxb7 Rxc5 1/2-1/2

[Event "26th Rubinstein Memorial"]
[Site "Polanica Zdroj POL"]
[Date "1988.08.??"]
[Round "9"]
[White "Matlak, Marek"]
[Black "Bany, Jerzy"]
[WhiteElo "2420"]
[BlackElo "2445"]
[Result "1/2-1/2"]
[EventDate "1988.08.04"]
[PlyCount "85"]
1. d4 f5 2. g3 Nf6 3. Bg2 g6 4. Nf3 Bg7 5. c3 O-O 6. Nbd2 Kh8 7. Qb3 d5 8. Ne5 c6 9. Ndf3 Qb6 10. Qa3 Qd8 11. h4 Be6 12. Ng5 Bg8 13. Bf3 Qe8 14. Bf4 Nbd7 15. Nd3 h6 16. Nh3 Ng4 17. O-O-O e5 18. dxe5 Ngxe5 19. Nxe5 Nxe5 20. Bxe5 Qxe5 21. Nf4 Bf7 22. e3 h5 23. Kd2 a5 24. Ke2 Qc7 25. Qa4 Qb6 26. Qc2 Qb5+ 27. Ke1 Rfe8 28. Be2 Qc5 29. Kf1 b5 30. a3 Qe7 31. Bf3 Qf6 32. Nd3 Bf8 33. Kg2 Rab8 34. Rd2 Rb7 35. Rc1 Reb8 36. Rdd1 Bg8 37. Rd2 Rh7 38. Rh1 Rd7 39. Rhd1 Rbd8 40. Qc1 Bf7 41. Qc2 Qe7 42. Nf4 Bg7 43. Nd3 1/2-1/2

[Event "26th Rubinstein Memorial"]
[Site "Polanica Zdroj POL"]
[Date "1988.08.??"]
[Round "10"]
[White "Borges Matos, Juan"]
[Black "Borkowski, Franciszek"]
[WhiteElo "2439"]
[BlackElo "2410"]
[Result "1-0"]
[EventDate "1988.08.04"]
[PlyCount "83"]
1. Nf3 Nf6 2. c4 g6 3. Nc3 Bg7 4. g3 O-O 5. Bg2 d6 6. d4 Nbd7 7. O-O e5 8. b3 Re8 9. e3 c6 10. Ba3 Bf8 11. Rc1 Qa5 12. Bb2 Bg7 13. a3 Nf8 14. b4 Qc7 15. h3 h5 16. d5 cxd5 17. cxd5 Qd8 18. Nd2 Re7 19. Nc4 Ne8 20. e4 h4 21. Qd3 hxg3 22. fxg3 Bh6 23. Rc2 f6 24. a4 Rh7 25. Ba3 Bd7 26. b5 Rc8 27. Ne2 f5 28. Qb3 fxe4 29. h4 Bf5 30. a5 Nf6 31. Nxd6 Rxc2 32. Qxc2 Be3+ 33. Kh1 Rxh4+ 34. gxh4 Ng4 35. Nxf5 gxf5 36. Bh3 Qxh4 37. Kg2 Nf2 38. Bxf5 Ng6 39. Qc8+ Kg7 40. Bxg6 Qg5+ 41. Ng3 Bf4 42. Qf8+ 1-0

[Event "26th Rubinstein Memorial"]
[Site "Polanica Zdroj POL"]
[Date "1988.08.??"]
[Round "10"]
[White "Levitt, Jonathan"]
[Black "Matlak, Marek"]
[WhiteElo "2485"]
[BlackElo "2420"]
[Result "1/2-1/2"]
[EventDate "1988.08.04"]
[PlyCount "117"]
1. d4 d5 2. c4 e6 3. Nc3 Nf6 4. Nf3 Nbd7 5. Bg5 c6 6. e3 Qa5 7. Nd2 dxc4 8. Bxf6 Nxf6 9. Nxc4 Qc7 10. a3 c5 11. Nb5 Qb8 12. dxc5 Bxc5 13. b4 Be7 14. Ncd6+ Bxd6 15. Nxd6+ Ke7 16. Nc4 Rd8 17. Qc2 Qc7 18. Qb2 Bd7 19. Be2 Bb5 20. Rc1 Rac8 21. O-O Kf8 22. h3 Qb8 23. a4 Bxc4 24. Rxc4 Rxc4 25. Bxc4 Qd6 26. Be2 Qd2 27. Qxd2 Rxd2 28. Bf3 b6 29. Rc1 Ke7 30. Rc8 Rd8 31. Rc4 Nd5 32. Kf1 Rd7 33. Ke2 Kd8 34. g3 Ne7 35. Be4 h6 36. h4 Rc7 37. Kd3 Rxc4 38. Kxc4 Nc8 39. Bd3 Nd6+ 40. Kd4 Ke7 41. e4 Ne8 42. e5 g6 43. Bb5 Nc7 44. Bc6 Kf8 45. Bb7 Kg7 46. Ke4 Ne8 47. Kf4 Kf8 48. Kg4 Ng7 49. Be4 Ke7 50. Kf4 Kd7 51. Bd3 Ke7 52. Bb5 Ne8 53. Be2 Nc7 54. Bc4 Ne8 55. Ke4 Nc7 56. g4 g5 57. h5 Kf8 58. f4 Kg7 59. f5 1/2-1/2

[Event "26th Rubinstein Memorial"]
[Site "Polanica Zdroj POL"]
[Date "1988.08.??"]
[Round "10"]
[White "Tseitlin, Mikhail"]
[Black "Teske, Henrik"]
[WhiteElo "2381"]
[BlackElo "2405"]
[Result "1/2-1/2"]
[EventDate "1988.08.04"]
[PlyCount "82"]
1. e4 e6 2. d4 d5 3. Nd2 c5 4. Ngf3 cxd4 5. Nxd4 Nf6 6. Bd3 Bc5 7. N4b3 dxe4 8. Nxc5 exd3 9. Nxd3 O-O 10. O-O Nc6 11. Re1 b6 12. Nf3 h6 13. b3 Ba6 14. Ba3 Re8 15. Nde5 Nxe5 16. Nxe5 Qc7 17. c4 Rad8 18. Qe2 Nd7 19. f4 Bb7 20. Rad1 Nxe5 21. fxe5 Rxd1 22. Rxd1 Rd8 23. Bd6 Qc6 24. b4 f5 25. b5 Qe8 26. a4 Qg6 27. Rd4 Qg5 28. Qd2 Qh5 29. a5 Rd7 30. a6 Be4 31. h3 Qe8 32. Kh2 Kh7 33. Qe2 Qg6 34. Kg1 Qg5 35. c5 bxc5 36. Rc4 Qg6 37. Rxc5 Bd5 38. Qc2 Be4 39. Qe2 Bd5 40. Qc2 Be4 41. Qe2 Bd5 1/2-1/2

[Event "26th Rubinstein Memorial"]
[Site "Polanica Zdroj POL"]
[Date "1988.08.??"]
[Round "11"]
[White "Bany, Jerzy"]
[Black "Levitt, Jonathan"]
[WhiteElo "2445"]
[BlackElo "2485"]
[Result "0-1"]
[EventDate "1988.08.04"]
[PlyCount "80"]
1. d4 Nf6 2. Nf3 e6 3. Bg5 h6 4. Bxf6 Qxf6 5. e4 d6 6. Nc3 g6 7. Bb5+ Nd7 8. Bxd7+ Bxd7 9. Qd2 Bg7 10. O-O O-O 11. Rfe1 Qe7 12. Rad1 a6 13. e5 Rfd8 14. Qf4 Bc6 15. exd6 Rxd6 16. Ne4 Bxe4 17. Qxe4 c6 18. Rd3 Rad8 19. Red1 Rd5 20. h3 Qc7 21. Qe3 Qa5 22. a3 Qa4 23. R1d2 c5 24. dxc5 Bxb2 25. Rxd5 Rxd5 26. Rxd5 exd5 27. Qe7 Qxc2 28. Qd8+ Kg7 29. Qxd5 Bxa3 30. Qe5+ Kh7 31. Qc7 Qd1+ 32. Kh2 Qd5 33. Ne5 Kg7 34. Nd7 Bb2 35. f4 a5 36. Qd8 a4 37. Qf8+ Kh7 38. Nb6 Qf5 39. Qd6 a3 40. Qd2 Qxc5 0-1

[Event "26th Rubinstein Memorial"]
[Site "Polanica Zdroj POL"]
[Date "1988.08.??"]
[Round "11"]
[White "Borkowski, Franciszek"]
[Black "Drasko, Milan"]
[WhiteElo "2410"]
[BlackElo "2510"]
[Result "0-1"]
[EventDate "1988.08.04"]
[PlyCount "172"]
1. e4 e6 2. d4 d5 3. Nc3 Bb4 4. e5 c5 5. a3 Bxc3+ 6. bxc3 Ne7 7. a4 Qa5 8. Qd2 b6 9. Bb5+ Bd7 10. Bd3 Nbc6 11. Nf3 f6 12. O-O fxe5 13. dxe5 O-O 14. Re1 h6 15. Nh4 Rad8 16. f4 c4 17. Bf1 b5 18. Ba3 bxa4 19. Nf3 Rf7 20. h4 Bc8 21. g3 d4 22. Bxc4 dxc3 23. Qf2 Nd5 24. Bd6 Re8 25. Bb3 axb3 26. Rxa5 Nxa5 27. Qc5 Nb7 28. Qb5 Rd8 29. Qxb3 Nxd6 30. exd6 Rxd6 31. Qb8 Rc7 32. Rb1 Kh7 33. Ne5 h5 34. Qb5 Nf6 35. Qa5 Rb7 36. Rxb7 Bxb7 37. Nd3 Rb6 38. Qxa7 Rb1+ 39. Kf2 Ng4+ 40. Ke2 Be4 41. Qd4 Nf6 42. Ne1 Bf5 43. Qxc3 Ne4 44. Qe3 Kg6 45. Kd3 Rb4 46. Nf3 Nd6+ 47. Kc3 Rc4+ 48. Kb3 Bxc2+ 49. Kb2 Bf5 50. Ne5+ Kh6 51. Qb6 Rc2+ 52. Kb3 Rd2 53. Qd8 Bc2+ 54. Kb4 Rd4+ 55. Kc3 Nb5+ 56. Kxc2 Rxd8 57. Nf7+ Kg6 58. Nxd8 Nd4+ 59. Kd3 Nf5 60. Nxe6 Nxg3 61. Nd4 Kf6 62. Kc4 Nf5 63. Nf3 Ne7 64. Kd4 Kf5 65. Ke3 Nd5+ 66. Kf2 Kxf4 67. Nd4 Kg4 68. Ne6 g6 69. Nd4 Kxh4 70. Kg2 Kg4 71. Nf3 Nf4+ 72. Kf2 g5 73. Nd4 h4 74. Nc2 Nd5 75. Nd4 Kf4 76. Ne6+ Kf5 77. Nd4+ Ke4 78. Nf3 Kf4 79. Nd4 g4 80. Ne6+ Kf5 81. Nd4+ Ke5 82. Nc2 Ke4 83. Na3 g3+ 84. Kg1 Nf4 85. Nc2 h3 86. Ne1 Nd3 0-1

[Event "26th Rubinstein Memorial"]
[Site "Polanica Zdroj POL"]
[Date "1988.08.??"]
[Round "11"]
[White "Chernin, Alexander"]
[Black "Tseitlin, Mikhail"]
[WhiteElo "2565"]
[BlackElo "2381"]
[Result "1-0"]
[EventDate "1988.08.04"]
[PlyCount "103"]
1. d4 Nf6 2. Nf3 d6 3. c3 Nbd7 4. Nbd2 e5 5. e4 Be7 6. Bd3 O-O 7. O-O Re8 8. Re1 c6 9. Nf1 Qc7 10. Ng3 Nf8 11. Nh4 Ne6 12. Nhf5 Bd8 13. Bc4 exd4 14. cxd4 d5 15. Bb3 dxe4 16. Nxe4 Nxe4 17. Rxe4 Bd7 18. Qf3 Bf6 19. Nh6+ Kf8 20. Bd2 c5 21. Rc1 Bc6 22. d5 Ng5 23. Bxg5 Bxg5 24. Nxf7 Qxf7 25. Qxf7+ Kxf7 26. dxc6+ Kf6 27. Rce1 Rxe4 28. Rxe4 bxc6 29. Re6+ Kf5 30. Rxc6 Be7 31. g3 h6 32. Kg2 Rd8 33. Rc7 Kf6 34. Rxa7 Rd2 35. Ra6+ Kf5 36. Be6+ Ke5 37. b3 Bf6 38. Bc4 Kf5 39. Be6+ Ke4 40. Bc4 Kf5 41. Kf1 Kg4 42. Re6 Rxa2 43. Re4+ Kf5 44. Bd3 Rd2 45. Re3+ Kg4 46. Kg2 Bd4 47. Rf3 Kh5 48. Bh7 Ra2 49. Rf5+ g5 50. Rf3 Rb2 51. g4+ Kh4 52. Bf5 1-0

[Event "26th Rubinstein Memorial"]
[Site "Polanica Zdroj POL"]
[Date "1988.08.??"]
[Round "12"]
[White "Borges Matos, Juan"]
[Black "Staniszewski, Piotr"]
[WhiteElo "2439"]
[BlackElo "2425"]
[Result "1-0"]
[EventDate "1988.08.04"]
[PlyCount "80"]
1. d4 Nf6 2. c4 g6 3. Nc3 d5 4. Nf3 Bg7 5. Bf4 O-O 6. Rc1 dxc4 7. e3 Be6 8. Ng5 Bd5 9. Nxd5 Nxd5 10. Bxc4 Nxf4 11. Qf3 e6 12. Qxf4 c5 13. dxc5 Nd7 14. O-O Nxc5 15. Rfd1 Qe7 16. h3 Bh6 17. h4 f6 18. Qd6 Qxd6 19. Rxd6 fxg5 20. b4 b5 21. Bxb5 Ne4 22. Rxe6 Nxf2 23. Be2 gxh4 24. Bf3 Nd3 25. Rc7 Rac8 26. Rxc8 Rxc8 27. Bd5 Kh8 28. Kh2 Bg7 29. b5 Nb4 30. Bb7 Rd8 31. a3 Nd3 32. Bc6 g5 33. a4 Be5+ 34. Kg1 Bg3 35. Kf1 Nc5 36. Re7 Nxa4 37. Rxa7 Nc3 38. Ra1 Rf8+ 39. Kg1 Bf2+ 40. Kh2 Bxe3 1-0

[Event "26th Rubinstein Memorial"]
[Site "Polanica Zdroj POL"]
[Date "1988.08.??"]
[Round "12"]
[White "Drasko, Milan"]
[Black "Jasnikowski, Zbigniew"]
[WhiteElo "2510"]
[BlackElo "2425"]
[Result "1/2-1/2"]
[EventDate "1988.08.04"]
[PlyCount "55"]
1. c4 e6 2. Nc3 d5 3. d4 Be7 4. Nf3 Nf6 5. Bg5 O-O 6. Qc2 h6 7. Bxf6 Bxf6 8. Rd1 dxc4 9. e4 c5 10. e5 Be7 11. Bxc4 cxd4 12. Rxd4 Qc7 13. Qe4 Nc6 14. Bd3 g6 15. Rc4 Rd8 16. h4 h5 17. Rg1 Rxd3 18. Qxd3 b5 19. Re4 Nb4 20. Qb1 Bb7 21. Ke2 Rd8 22. Rd1 Rxd1 23. Kxd1 Bxe4 24. Qxe4 a6 25. g3 Nc6 26. Ne2 Bc5 27. Nf4 Bxf2 28. Nxg6 1/2-1/2

[Event "26th Rubinstein Memorial"]
[Site "Polanica Zdroj POL"]
[Date "1988.08.??"]
[Round "12"]
[White "Tseitlin, Mikhail"]
[Black "Matlak, Marek"]
[WhiteElo "2381"]
[BlackElo "2420"]
[Result "1/2-1/2"]
[EventDate "1988.08.04"]
[PlyCount "49"]
1. e4 e6 2. d4 d5 3. Nd2 Nf6 4. e5 Nfd7 5. c3 c5 6. Bd3 Nc6 7. Ndf3 Qb6 8. Ne2 cxd4 9. cxd4 f6 10. exf6 Nxf6 11. O-O Bd6 12. Nc3 O-O 13. Be3 Bd7 14. a3 Be8 15. h3 Bh5 16. Be2 Qd8 17. Re1 Rc8 18. Rc1 Bb8 19. b4 h6 20. Nh2 Qc7 21. f4 Bxe2 22. Nxe2 Qf7 23. Nf3 Ne4 24. Qd3 a6 25. Rf1 1/2-1/2

[Event "26th Rubinstein Memorial"]
[Site "Polanica Zdroj POL"]
[Date "1988.08.??"]
[Round "13"]
[White "Bany, Jerzy"]
[Black "Tseitlin, Mikhail"]
[WhiteElo "2445"]
[BlackElo "2381"]
[Result "1/2-1/2"]
[EventDate "1988.08.04"]
[PlyCount "20"]
1. d4 Nf6 2. c4 c5 3. e3 g6 4. Nf3 Bg7 5. Be2 O-O 6. O-O b6 7. b3 cxd4 8. Nxd4 Nc6 9. Bb2 Nxd4 10. Bxd4 Bb7 1/2-1/2

[Event "26th Rubinstein Memorial"]
[Site "Polanica Zdroj POL"]
[Date "1988.08.??"]
[Round "13"]
[White "Teske, Henrik"]
[Black "Borges Matos, Juan"]
[WhiteElo "2405"]
[BlackElo "2439"]
[Result "1/2-1/2"]
[EventDate "1988.08.04"]
[PlyCount "86"]
1. d4 d5 2. Nf3 Nf6 3. c4 e6 4. g3 dxc4 5. Bg2 c5 6. O-O Nc6 7. Qa4 Bd7 8. Qxc4 b5 9. Qd3 c4 10. Qc2 Qb6 11. a4 bxa4 12. Nc3 Rc8 13. e4 Nb4 14. Qe2 Nd3 15. e5 Nd5 16. Ng5 Nxc3 17. bxc3 Nxc1 18. Rfxc1 Be7 19. Qh5 Bxg5 20. Qxg5 O-O 21. Qe7 Qc7 22. Be4 Rfe8 23. Qa3 Rb8 24. Bc2 Rb3 25. Bxb3 cxb3 26. c4 Rb8 27. Rab1 a5 28. Qe7 h6 29. d5 Re8 30. Qa3 exd5 31. e6 fxe6 32. cxd5 Qe5 33. d6 Rf8 34. Qc5 Qe4 35. Qe3 Qf5 36. Rb2 Rb8 37. Qa7 Qb5 38. Rc5 Qb6 39. Qxa5 Qxd6 40. Rd2 b2 41. Rxd6 b1=Q+ 42. Kg2 Bb5 43. Rd8+ Kh7 1/2-1/2

[Event "26th Rubinstein Memorial"]
[Site "Polanica Zdroj POL"]
[Date "1988.08.??"]
[Round "14"]
[White "Borkowski, Franciszek"]
[Black "Jasnikowski, Zbigniew"]
[WhiteElo "2410"]
[BlackElo "2425"]
[Result "1-0"]
[EventDate "1988.08.04"]
[PlyCount "81"]
1. e4 c5 2. Nf3 e6 3. Nc3 d6 4. d4 cxd4 5. Qxd4 a6 6. Bg5 Nc6 7. Qd2 Nf6 8. O-O-O h6 9. Bh4 b5 10. e5 dxe5 11. Qxd8+ Nxd8 12. Nxe5 Be7 13. Be2 Bb7 14. f4 g5 15. fxg5 Nd5 16. Nxd5 Bxd5 17. Bf3 Bxf3 18. Nxf3 hxg5 19. Bxg5 f6 20. Be3 e5 21. g3 Ne6 22. Nh4 Rh5 23. Rhf1 Ng7 24. Rf2 Rd8 25. Ng6 Rxd1+ 26. Kxd1 Bd8 27. Ke2 Kd7 28. h4 Ne6 29. g4 Rh7 30. h5 Ke8 31. c3 Ng7 32. Rf1 Ne6 33. Rd1 Bc7 34. Kf3 f5 35. gxf5 Ng7 36. Kg4 Nxh5 37. Bg5 Ng7 38. Bf6 Nxf5 39. Kxf5 Rh2 40. Ke6 e4 41. Rd7 1-0

[Event "26th Rubinstein Memorial"]
[Site "Polanica Zdroj POL"]
[Date "1988.08.??"]
[Round "14"]
[White "Drasko, Milan"]
[Black "Teske, Henrik"]
[WhiteElo "2510"]
[BlackElo "2405"]
[Result "1/2-1/2"]
[EventDate "1988.08.04"]
[PlyCount "21"]
1. c4 Nf6 2. Nf3 b6 3. g3 Bb7 4. Bg2 e6 5. O-O Be7 6. d4 O-O 7. Nc3 Ne4 8. Nxe4 Bxe4 9. Ne1 Bxg2 10. Nxg2 d5 11. Qa4 1/2-1/2

[Event "26th Rubinstein Memorial"]
[Site "Polanica Zdroj POL"]
[Date "1988.08.??"]
[Round "14"]
[White "Tseitlin, Mikhail"]
[Black "Levitt, Jonathan"]
[WhiteElo "2381"]
[BlackElo "2485"]
[Result "1/2-1/2"]
[EventDate "1988.08.04"]
[PlyCount "49"]
1. d4 Nf6 2. Nf3 e6 3. Bg5 h6 4. Bh4 g5 5. Bg3 Ne4 6. Nbd2 Nxg3 7. hxg3 Bg7 8. e3 d6 9. Bd3 Nc6 10. c3 Qe7 11. Qc2 Bd7 12. O-O-O O-O-O 13. g4 Rdf8 14. Nf1 f5 15. d5 Ne5 16. Nxe5 Bxe5 17. dxe6 Qxe6 18. Bxf5 Qxa2 19. Bxd7+ Kxd7 20. f3 a5 21. Nd2 b5 22. Qb3 Qxb3 23. Nxb3 a4 24. Nd4 Rb8 25. Kc2 1/2-1/2

[Event "26th Rubinstein Memorial"]
[Site "Polanica Zdroj POL"]
[Date "1988.08.??"]
[Round "15"]
[White "Chernin, Alexander"]
[Black "Drasko, Milan"]
[WhiteElo "2565"]
[BlackElo "2510"]
[Result "1-0"]
[EventDate "1988.08.04"]
[PlyCount "141"]
1. c4 e6 2. Nc3 d5 3. d4 Be7 4. Bf4 Nf6 5. e3 O-O 6. Rc1 Nbd7 7. Nf3 dxc4 8. Bxc4 c5 9. O-O a6 10. Ne5 cxd4 11. exd4 Nb6 12. Bb3 Bd7 13. Qf3 Ra7 14. Rfd1 Nbd5 15. Nxd5 Nxd5 16. Bxd5 exd5 17. Nxd7 Qxd7 18. Rc7 Qe6 19. Qe3 Bd8 20. Qxe6 fxe6 21. Rd7 Ra8 22. Bg3 b5 23. Be5 Bf6 24. Bxf6 Rxf6 25. Rc1 Rf7 26. Rxf7 Kxf7 27. Rc7+ Kf6 28. f3 h5 29. Kf2 g5 30. Ke3 e5 31. Rc6+ Kf5 32. g4+ hxg4 33. fxg4+ Kxg4 34. dxe5 Rh8 35. Rc2 Kf5 36. Kd4 Ke6 37. Rc6+ Kd7 38. Rxa6 Rxh2 39. b4 Rd2+ 40. Kc5 g4 41. Kxb5 g3 42. a4 g2 43. Rg6 d4 44. Kc4 d3 45. Kc3 Ra2 46. Kxd3 Rxa4 47. Kc4 Ra2 48. b5 Rb2 49. Kc5 Ke7 50. e6 Rc2+ 51. Kd5 Rd2+ 52. Kc6 Rc2+ 53. Kb7 Kd6 54. b6 Rb2 55. Ka7 Kc6 56. e7+ Kd7 57. Rg7 Ra2+ 58. Kb8 Rb2 59. Ka7 Ra2+ 60. Kb7 Rb2 61. Ka6 Ra2+ 62. Kb7 Rb2 63. Ka7 Ra2+ 64. Kb8 Rb2 65. b7 Ra2 66. Rg4 Rc2 67. Re4 Ke8 68. Re1 Rf2 69. Ra1 Kxe7 70. Ka8 Rf1 71. Ra7 1-0

[Event "26th Rubinstein Memorial"]
[Site "Polanica Zdroj POL"]
[Date "1988.08.??"]
[Round "15"]
[White "Matlak, Marek"]
[Black "Borges Matos, Juan"]
[WhiteElo "2420"]
[BlackElo "2439"]
[Result "1-0"]
[EventDate "1988.08.04"]
[PlyCount "87"]
1. Nf3 Nf6 2. c4 b6 3. d4 e6 4. g3 Ba6 5. Qa4 c5 6. Bg2 Bb7 7. O-O cxd4 8. Nxd4 Bxg2 9. Kxg2 Qc7 10. f3 a6 11. Rd1 Be7 12. Nb5 Qc6 13. Nd6+ Bxd6 14. Qxc6 dxc6 15. Rxd6 Ke7 16. Rd1 Ra7 17. Be3 Rd7 18. Nc3 c5 19. Na4 Rxd1 20. Rxd1 Nbd7 21. Nxb6 Rb8 22. Na4 Rc8 23. Kf2 Rc6 24. Ke1 Ne8 25. Kd2 h6 26. Kc3 Nd6 27. Bf2 f5 28. h3 Nf7 29. g4 Ng5 30. Rh1 f4 31. h4 Nf7 32. Rd1 Nd6 33. b3 Rc7 34. Bg1 Rc8 35. h5 Rc6 36. Bh2 e5 37. Rd5 Ke6 38. Bg1 Nb7 39. Bf2 Rc7 40. Kc2 Rc6 41. Kc3 Rc7 42. Kd2 e4 43. Bg1 e3+ 44. Ke1 1-0